[Event "Lueneburg VMCG op C"]
[Site "Lueneburg"]
[Date "2016.07.08"]
[Round "7"]
[White "Reuter, Marek"]
[Black "Schulze, Lukas"]
[Result "1/2-1/2"]
[WhiteElo "1142"]
[BlackElo "1369"]
[PlyCount "73"]
[EventDate "2016.07.01"]
[EventType "swiss"]
[EventRounds "7"]
[EventCountry "GER"]
[SourceTitle "EXT 2024"]
[Source "ChessBase"]
[SourceDate "2023.10.10"]
[SourceVersion "1"]
[SourceVersionDate "2023.10.10"]
[SourceQuality "1"]

1. e4 Nc6 2. d4 d5 3. exd5 Qxd5 4. Nf3 Bg4 5. Nc3 Qa5 6. Bb5 Qb6 7. Be3 a6 8. Nd5 Qa7 9. Bxc6+ bxc6 10. Nc3 Rd8 11. Qe2 Qb7 12. Rb1 e6 13. 0-0 Rb8 14. h3 Bf5 15. Nh4 Bg6 16. f4 Be7 17. Nf3 Nf6 18. Ne5 Be4 19. Nxe4 Nxe4 20. Bf2 c5 21. Rfe1 Nxf2 22. Qxf2 cxd4 23. Qxd4 Qb6 24. Qxb6 cxb6 25. Nc6 Rc8 26. Nxe7 Kxe7 27. c3 Rhd8 28. Rbd1 Rxd1 29. Rxd1 Rc4 30. Rd4 Rxd4 31. cxd4 Kd6 32. Kf2 Kd5 33. Ke3 f5 34. b3 b5 35. Kd3 b4 36. Ke3 h6 37. h4 1/2-1/2

[Event "Lueneburg VMCG op C"]
[Site "Lueneburg"]
[Date "2016.07.01"]
[Round "1"]
[White "Fuhrmann, Berndt"]
[Black "Reuter, Marek"]
[Result "0-1"]
[WhiteElo "799"]
[BlackElo "1142"]
[PlyCount "94"]
[EventDate "2016.07.01"]
[EventType "swiss"]
[EventRounds "7"]
[EventCountry "GER"]
[SourceTitle "EXT 2024"]
[Source "ChessBase"]
[SourceDate "2023.10.10"]
[SourceVersion "1"]
[SourceVersionDate "2023.10.10"]
[SourceQuality "1"]

1. e4 c6 2. d4 d5 3. e5 Bf5 4. Nf3 e6 5. Bd3 Bxd3 6. Qxd3 c5 7. Qb5+ Qd7 8. Nc3 a6 9. Qxd7+ Kxd7 10. Be3 Nc6 11. dxc5 Nge7 12. Rd1 Kc7 13. 0-0 Nf5 14. Rd3 Nxe3 15. fxe3 Bxc5 16. Kf2 f6 17. exf6 gxf6 18. Na4 Ba7 19. Nd4 Nxd4 20. exd4 e5 21. Rc3+ Kd6 22. Rf3 Bxd4+ 23. Ke2 e4 24. Rxf6+ Bxf6 25. Rxf6+ Ke5 26. Rf1 Rhg8 27. g3 Rac8 28. c3 b5 29. Nb6 Rcd8 30. Rf7 Ke6 31. Rxh7 Rd6 32. Rh6+ Ke5 33. Rxd6 Kxd6 34. Ke3 Kc6 35. Kd4 Kxb6 36. Kxd5 e3 37. a4 e2 38. axb5 Kxb5 39. c4+ Kb4 40. c5 e1Q 41. c6 Qd2+ 42. Ke6 Qe3+ 43. Kd7 Qe8+ 44. Kd6 Rg6+ 45. Kc7 Rxc6+ 46. Kb7 Qd7+ 47. Ka8 Rc8# 0-1

[Event "GER-ch U25-B"]
[Site "Willingen"]
[Date "2016.05.15"]
[Round "1"]
[White "Winterberg, Johanna"]
[Black "Reuter, Marek"]
[Result "1-0"]
[WhiteElo "1473"]
[BlackElo "1152"]
[PlyCount "29"]
[EventDate "2016.05.15"]
[EventType "swiss"]
[EventRounds "9"]
[EventCountry "GER"]
[SourceTitle "CBM 172 Extra"]
[Source "ChessBase"]
[SourceDate "2016.06.21"]
[SourceVersion "1"]
[SourceVersionDate "2016.06.21"]
[SourceQuality "1"]

1. e4 c6 2. d4 d5 3. exd5 cxd5 4. c4 Nf6 5. Nc3 e6 6. Nf3 Bb4 7. Bd3 Nc6 8. 0-0 0-0 9. Bg5 Re8 10. Ne5 h6 11. Be3 Bd6 12. f4 Bxe5 13. fxe5 Ng4 14. Qxg4 Kf8 15. Rxf7+ 1-0

[Event "GER-ch U25 op-B"]
[Site "Willingen"]
[Date "2015.05.29"]
[Round "8"]
[White "Reuter, Marek"]
[Black "Blinov, Sergei"]
[Result "1-0"]
[WhiteElo "955"]
[BlackElo "1242"]
[PlyCount "103"]
[EventDate "2015.05.24"]
[EventType "swiss"]
[EventRounds "9"]
[EventCountry "GER"]
[SourceTitle "CBM 166 Extra"]
[Source "ChessBase"]
[SourceDate "2015.06.18"]
[SourceVersion "1"]
[SourceVersionDate "2015.06.18"]
[SourceQuality "1"]

1. e4 c6 2. Nc3 d5 3. f4 dxe4 4. Nxe4 Bf5 5. Ng3 Bg6 6. f5 Bxf5 7. Nxf5 e6 8. Qe2 Bc5 9. Nf3 g6 10. Ng7+ Kf8 11. b3 Nf6 12. Nxe6+ fxe6 13. Qxe6 Qe7 14. Qxe7+ Kxe7 15. Bb2 Nbd7 16. 0-0-0 Rhf8 17. d4 Bb4 18. c3 Bd6 19. Re1+ Kd8 20. Ng5 Rg8 21. Bc4 Nd5 22. Bxd5 cxd5 23. Nxh7 Kc7 24. g3 Rae8 25. Kd2 Be7 26. h4 Rh8 27. Ng5 Bxg5+ 28. hxg5 Rxe1 29. Rxh8 Rg1 30. Rg8 Rxg3 31. Rxg6 Nf8 32. Rg7+ Kb6 33. Ba3 Ne6 34. Rg6 Rg2+ 35. Ke3 Rxa2 36. Rxe6+ Kc7 37. g6 Rg2 38. Re7+ Kb6 39. g7 Rg3+ 40. Kf4 Rg1 41. Kf5 Rf1+ 42. Kg6 Rg1+ 43. Kf7 Rf1+ 44. Ke8 Rg1 45. Kf8 Rf1+ 46. Rf7 Ra1 47. g8Q Rxa3 48. Qg6+ Ka5 49. Rxb7 Rxb3 50. Rxb3 Ka4 51. Qb1 a5 52. Qa2# 1-0